Nghiên cứu điều chế diesel sinh học từ dầu Jatropha và metanol sử dụng xúc tác MCM-41 biến tính

Tổng quan lý thuyết; Phương pháp thực nghiệm; Kết quả và thảo luận...

Guardado en:
Detalles Bibliográficos
Autor principal: Nguyễn Thị Cẩm Chi
Otros Autores: Nguyễn Thị Việt Nga T.S (Hướng dẫn)
Formato: Libro
Publicado: Đà Nẵng Đại học Đà Nẵng 2012
Materias:
Etiquetas: Agregar Etiqueta
Sin Etiquetas, Sea el primero en etiquetar este registro!
Thư viện lưu trữ: Mạng thư viện Đại học Đà Nẵng
LEADER 01636nam a2200325 4500
001 000017766
003 14192
005 20130830150803.0
008 130530s2012 sd
082 |a 665.776  |b NG-C 
100 |a Nguyễn Thị Cẩm Chi 
245 |a Nghiên cứu điều chế diesel sinh học từ dầu Jatropha và metanol sử dụng xúc tác MCM-41 biến tính  |c Nguyễn Thị Cẩm Chi ; Nguyễn Thị Việt Nga hướng dẫn.  |k Luận văn Thạc sĩ 
260 |a Đà Nẵng  |b Đại học Đà Nẵng  |c 2012 
300 |a 85 tr., phụ lục 9 tr.  |b Hình mh.  |c 29 cm. 
500 |a Luận văn thạc sĩ Khoa học. Chuyên ngành: Hóa hữu cơ. Mã số: 60.44.27. 
520 |a Tổng quan lý thuyết; Phương pháp thực nghiệm; Kết quả và thảo luận... 
650 0 4 |a Dầu Jatropha|  |v Luận văn tốt nghiệp  |x Diesel sinh học 
650 0 4 |a Xúc tác dị thể A1-MCM-41  |v Luận văn tốt nghiệp  |x Nghiên cứu 
653 |a Xúc tác dị thể A1-MCM-41  |a Hóa học hữu cơ  |a Dầu Jatropha|  |a Metanol  |a Diesel sinh học  |a Jatropha 
700 |a Nguyễn Thị Việt Nga  |c T.S  |e Hướng dẫn 
OWN |a LSP 
AVA |a UDN50  |b LSP  |d 665.776 NG-C  |e available  |t Error 5001 Not defined in file expand_doc_bib_avail.  |f 1  |g 0  |h N  |i 0  |k 1 
999 |a From the UDN01 
AVA |a UDN50  |b LSP  |d 665.776 NG-C  |e available  |t Error 5001 Not defined in file expand_doc_bib_avail.  |f 1  |g 0  |h N  |i 0  |k 1 
TYP |a Monograph 
TYP |a Printed language 
980 |a Mạng thư viện Đại học Đà Nẵng